Zamyšlení nad zahraničním obchodem České republiky
Analýza vývoja zahraničného obchodu ČR v posledných desiatich rokoch, problémy a ďalšie možnosti. Možnosti ekonomiky ČR po vstupe do EÚ a jej šance.
Gespeichert in:
| 1. Verfasser: | |
|---|---|
| Format: | Buchkapitel |
| Sprache: | Tschechisch |
| Schlagworte: | |
| Tags: |
Keine Tags, Fügen Sie das erste Tag hinzu!
|
MARC
| LEADER | 00000naa$a2200000$$$4500 | ||
|---|---|---|---|
| 001 | 0038348 | ||
| 005 | 20221207105208.5 | ||
| 041 | 0 | |a cze | |
| 044 | |a SK | ||
| 245 | 1 | 0 | |a Zamyšlení nad zahraničním obchodem České republiky |c Pavel Nezval |
| 520 | |a Analýza vývoja zahraničného obchodu ČR v posledných desiatich rokoch, problémy a ďalšie možnosti. Možnosti ekonomiky ČR po vstupe do EÚ a jej šance. | ||
| 610 | 2 | 0 | |a Česko |
| 610 | 2 | 0 | |a obchod zahraničný |
| 610 | 2 | 0 | |a analýzy |
| 100 | 1 | |a Nezval, Pavel | |